عرض عادي
عرض مارك
- المعوقون
مدخل مصطلح موضوعي
001 - رقم الضبط
- حقل الضبط: 17155
003 - معرف رقم الضبط
- حقل الضبط: OSt
005 - تاريخ ووقت أخر عملية
- حقل الضبط: 20120811072148.0
008 - عناصر بيانات ثابتة الطول
- حقل تحكم ثابت الطول: 120811|||a|||||| | ||| d
040 ## - مصدر الفهرسة
- هيئة الفهرسة الأصلية: OSt
- وكالة الكتابة: OSt
150 ## - مدخل-- مصطلح تاريخي
- عنصر مدخل المصطلح الموضوعي او الاسم الجغرافي: المعوقون
- تفريع عام: تدريب
670 ## - بيانات المصدر موجوده
- الاستشهاد بالمصدر: Work cat.: (OSt)27853: عبيد، ماجدة بهاء الدين السيد 17154, تأهيل المعاقين /, 2007
